「小」「中」「大」を含む市町村 - Statistics

General Stats
  • This quiz has been taken 26 times
    9 since last reset
  • The average score is 50 of 142
Answer Stats
都道府県名 郡名 市町村名 % Correct
北海道 中川郡 中川町
86%
北海道 標津郡 中標津町
86%
東京都 特別区 中野区
86%
栃木県 小山市
71%
東京都 特別区 中央区
71%
東京都 特別区 大田区
71%
東京都 島嶼部 大島町
71%
福井県 大野市
71%
長野県 中野市
71%
大阪府 大阪市
71%
大阪府 東大阪市
71%
福岡県 大牟田市
71%
北海道 小樽市
57%
北海道 網走郡 大空町
57%
北海道 広尾郡 大樹町
57%
秋田県 北秋田郡 上小阿仁村
57%
千葉県 大網白里市
57%
東京都 府中市
57%
東京都 小金井市
57%
東京都 小平市
57%
神奈川県 小田原市
57%
神奈川県 大和市
57%
新潟県 小千谷市
57%
石川県 小松市
57%
岐阜県 大垣市
57%
岐阜県 中津川市
57%
岐阜県 揖斐郡 大野町
57%
愛知県 大府市
57%
滋賀県 大津市
57%
大阪府 大東市
57%
大阪府 大阪狭山市
57%
奈良県 大和高田市
57%
奈良県 大和郡山市
57%
鳥取県 西伯郡 大山町
57%
広島県 府中市
57%
香川県 小豆郡 小豆島町
57%
福岡県 大川市
57%
福岡県 大野城市
57%
長崎県 大村市
57%
大分県 大分市
57%
北海道 空知郡 中富良野町
43%
青森県 南津軽郡 大鰐町
43%
岩手県 大船渡市
43%
宮城県 大崎市
43%
秋田県 大館市
43%
秋田県 大仙市
43%
秋田県 南秋田郡 大潟村
43%
山形県 東村山郡 中山町
43%
茨城県 小美玉市
43%
茨城県 東茨城郡 大洗町
43%
栃木県 大田原市
43%
埼玉県 比企郡 小川町
43%
東京都 東大和市
43%
東京都 島嶼部 小笠原村
43%
神奈川県 中郡 大磯町
43%
福井県 小浜市
43%
山梨県 大月市
43%
山梨県 中央市
43%
長野県 小諸市
43%
長野県 大町市
43%
長野県 上伊那郡 中川村
43%
長野県 北安曇郡 小谷村
43%
静岡県 駿東郡 小山町
43%
愛知県 小牧市
43%
大阪府 泉大津市
43%
兵庫県 小野市
43%
島根県 大田市
43%
岡山県 加賀郡 吉備中央町
43%
広島県 安芸郡 府中町
43%
愛媛県 四国中央市
43%
福岡県 三潴郡 大木町
43%
大分県 中津市
43%
沖縄県 国頭郡 大宜味村
43%
沖縄県 島尻郡 南大東村
43%
北海道 苫小牧市
29%
北海道 枝幸郡 中頓別町
29%
北海道 河西郡 中札内村
29%
青森県 北津軽郡 中泊町
29%
岩手県 上閉伊郡 大槌町
29%
宮城県 黒川郡 大和町
29%
宮城県 黒川郡 大衡村
29%
山形県 西置賜郡 小国町
29%
福島県 双葉郡 大熊町
29%
埼玉県 秩父郡 小鹿野町
29%
神奈川県 足柄上郡 中井町
29%
神奈川県 足柄上郡 大井町
29%
富山県 小矢部市
29%
長野県 上水内郡 小川村
29%
高知県 土佐郡 大川村
29%
高知県 幡多郡 大月町
29%
福岡県 中間市
29%
熊本県 阿蘇郡 小国町
29%
宮崎県 小林市
29%
鹿児島県 曽於郡 大崎町
29%
鹿児島県 大島郡 大和村
29%
沖縄県 中頭郡 北中城村
29%
沖縄県 中頭郡 中城村
29%
沖縄県 島尻郡 北大東村
29%
北海道 留萌郡 小平町
14%
北海道 斜里郡 小清水町
14%
北海道 厚岸郡 浜中町
14%
青森県 下北郡 大間町
14%
宮城県 柴田郡 大河原町
14%
山形県 北村山郡 大石田町
14%
山形県 最上郡 大蔵村
14%
福島県 西白河郡 中島村
14%
茨城県 久慈郡 大子町
14%
群馬県 吾妻郡 中之条町
14%
千葉県 夷隅郡 大多喜町
14%
山梨県 南都留郡 山中湖村
14%
山梨県 北津軽郡 小菅村
14%
愛知県 丹羽郡 大口町
14%
愛知県 海部郡 大治町
14%
三重県 多気郡 大台町
14%
三重県 度会郡 大紀町
14%
京都府 乙訓郡 大山崎町
14%
広島県 豊田郡 大崎上島町
14%
愛媛県 大洲市
14%
福岡県 小郡市
14%
佐賀県 小城市
14%
熊本県 菊池郡 大津町
14%
熊本県 阿蘇郡 南小国町
14%
大分県 豊後大野市
14%
鹿児島県 肝付郡 南大隅町
14%
宮城県 黒川郡 大郷町
0%
秋田県 鹿角郡 小坂町
0%
福島県 安達郡 大玉村
0%
福島県 田村郡 小野町
0%
群馬県 邑楽郡 大泉町
0%
石川県 鹿島郡 中能登町
0%
長野県 佐久郡 小海町
0%
長野県 下伊那郡 大鹿村
0%
長野県 木曽郡 大桑村
0%
長野県 上高井郡 小布施町
0%
奈良県 吉野郡 大淀町
0%
高知県 長岡郡 大豊町
0%
高知県 土佐郡 中土佐町
0%
福岡県 鞍手郡 小竹町
0%
福岡県 三井郡 大刀洗町
0%
福岡県 田川郡 大任町
0%
佐賀県 杵島郡 大町町
0%
長崎県 北松浦郡 小値賀町
0%
No matching quizzes found
Score Distribution
Percent of People with Each Score
Percentile by Number Answered
Your Score History
You have not taken this quiz since the last reset